Therapeutic proteins : (Record no. 20941)
[ view plain ]
| 000 -LEADER | |
|---|---|
| fixed length control field | 01083cam a22002895a 4500 |
| 001 - CONTROL NUMBER | |
| control field | 17310557 |
| 005 - DATE AND TIME OF LATEST TRANSACTION | |
| control field | 20160313154443.0 |
| 008 - FIXED-LENGTH DATA ELEMENTS--GENERAL INFORMATION | |
| fixed length control field | 120521t2012 nyua frb 001 0 eng d |
| 020 ## - INTERNATIONAL STANDARD BOOK NUMBER | |
| International Standard Book Number | 9781617799204 (alk. paper) |
| 040 ## - CATALOGING SOURCE | |
| Original cataloging agency | NLM |
| Language of cataloging | eng |
| Transcribing agency | NLM |
| Modifying agency | BTCTA |
| -- | RML |
| -- | COU |
| -- | YDXCP |
| -- | CDX |
| -- | STF |
| -- | OCLCO |
| -- | OCLCA |
| -- | OCLCF |
| -- | OCLCO |
| -- | DLC |
| -- | EG-ScBUE |
| -- | EG-ScBUE |
| 082 04 - DEWEY DECIMAL CLASSIFICATION NUMBER | |
| Classification number | 612.01575 |
| Item number | THE |
| Edition number | 22 |
| 245 00 - TITLE STATEMENT | |
| Title | Therapeutic proteins : |
| Remainder of title | methods and protocols / |
| Statement of responsibility, etc | edited by Vladimir Voynov, Justin A. Caravella. |
| 250 ## - EDITION STATEMENT | |
| Edition statement | 2nd ed. |
| 260 ## - PUBLICATION, DISTRIBUTION, ETC. (IMPRINT) | |
| Place of publication, distribution, etc | New York : |
| Name of publisher, distributor, etc | Humana Press / Springer, |
| Date of publication, distribution, etc | c.2012. |
| 300 ## - PHYSICAL DESCRIPTION | |
| Extent | xi, 502 p. : |
| Other physical details | ill. (some col.) ; |
| Dimensions | 27 cm. |
| 490 0# - Series Statement | |
| Series statement | Methods in molecular biology, |
| International Standard Serial Number | 1064-3745 ; |
| Volume/sequential designation | 899 |
| 490 0# - Series Statement | |
| Series statement | Springer protocols |
| 500 ## - GENERAL NOTE | |
| General note | Index : p. 499-502. |
| 504 ## - BIBLIOGRAPHY, ETC. NOTE | |
| Bibliography, etc | Includes bibliographical references. |
| 650 #0 - SUBJECT ADDED ENTRY--TOPICAL TERM | |
| Topical term or geographic name as entry element | Proteins |
| General subdivision | Therapeutic use. |
| Source of heading or term | BUEsh |
| 651 ## - SUBJECT ADDED ENTRY--GEOGRAPHIC NAME | |
| Source of heading or term | BUEsh |
| 653 ## - INDEX TERM--UNCONTROLLED | |
| Resource For college | Pharmacy |
| Arrived date list | October2015 |
| -- | March2016 |
| 655 ## - INDEX TERM--GENRE/FORM | |
| Form subdivision | Reading book |
| -- | 34232 |
| 700 1# - ADDED ENTRY--PERSONAL NAME | |
| Personal name | Voynov, Vladimir, |
| Relator term | editor. |
| 700 1# - ADDED ENTRY--PERSONAL NAME | |
| Personal name | Caravella, Justin A., |
| Dates associated with a name | 1974- |
| Relator term | editor. |
| 942 ## - ADDED ENTRY ELEMENTS (KOHA) | |
| Source of classification or shelving scheme | Dewey Decimal Classification |
| Call number prefix | 612.01575 THE |
| Withdrawn status | Item status | Source of classification or shelving scheme | Damaged status | Not for loan | Vendor | Home library | Current library | Shelving location | Date acquired | Source of acquisition | Total Checkouts | Full call number | Barcode | Date last seen | Koha item type | Cost, normal purchase price | Serial Enumeration / chronology |
|---|---|---|---|---|---|---|---|---|---|---|---|---|---|---|---|---|---|
| Dewey Decimal Classification | Baccah | Central Library | Central Library | First floor | 20/10/2015 | Purchase | 612.01575 THE | 000031028 | 15/07/2025 | Book - Borrowing | |||||||
| Dewey Decimal Classification | Central Library | Central Library | First floor | 13/03/2016 | Purchase | 612.01575 THE | 000032025 | 15/07/2025 | Book - Borrowing | 1260.00 | 2 |